[Event "Xtracon Chess Open 2016"]
[Site "Elsinore"]
[Date "2016.07.26"]
[Round "5.50"]
[White "Nielsen, Thomas Bach"]
[Black "Veng, Johnny"]
[Result "1/2-1/2"]
[WhiteElo "2103"]
[BlackElo "2280"]
[PlyCount "37"]
[EventDate "2016.07.23"]

1. d4 Nf6 2. c4 g6 3. Nc3 Bg7 4. e4 d6 5. h3 O-O 6. Nf3 e5 7. d5 Na6 8. Bg5 h6
9. Be3 Nc5 10. Nd2 a5 11. g4 c6 12. Rg1 Bd7 13. g5 hxg5 14. Bxg5 Qe8 15. h4
cxd5 16. Bxf6 Bxf6 17. Nxd5 Bxh4 18. Qh5 Qd8 19. Rxg6+ 1/2-1/2

[Event "Xtracon Chess Open 2016"]
[Site "Elsinore"]
[Date "2016.07.26"]
[Round "5.51"]
[White "Machlik, Endre"]
[Black "Lercel, Michal"]
[Result "1/2-1/2"]
[WhiteElo "2091"]
[BlackElo "2265"]
[PlyCount "79"]
[EventDate "2016.07.23"]

1. d4 Nf6 2. c4 g6 3. Nc3 Bg7 4. Nf3 O-O 5. g3 d6 6. Bg2 a6 7. O-O Nc6 8. Qd3
e5 9. dxe5 dxe5 10. Qxd8 Rxd8 11. Bg5 Re8 12. Rfd1 h6 13. Bxf6 Bxf6 14. Nd2 Nd4
15. c5 Bg4 16. Kf1 Rab8 17. Rac1 Bg5 18. h3 Be6 19. e3 Nf5 20. b3 Red8 21. Nf3
Bf6 22. Ne4 Bg7 23. Nc3 Ne7 24. Ne1 Rxd1 25. Rxd1 f5 26. e4 f4 27. Nd5 Nxd5 28.
exd5 Rd8 29. g4 Bf7 30. Be4 Bf8 31. Nf3 Bxc5 32. Nxe5 g5 33. f3 Be8 34. Rc1
Bb5+ 35. Kg2 Bd6 36. Nc4 Bxc4 37. bxc4 b6 38. h4 Kg7 39. hxg5 hxg5 40. Rh1
1/2-1/2

[Event "Xtracon Chess Open 2016"]
[Site "Elsinore"]
[Date "2016.07.26"]
[Round "5.52"]
[White "Merkesvik, Sondre"]
[Black "Palozza, Christian"]
[Result "1-0"]
[WhiteElo "2263"]
[BlackElo "2090"]
[PlyCount "99"]
[EventDate "2016.07.23"]

1. d4 d5 2. g3 c6 3. Bg2 e6 4. c4 f5 5. Nc3 Nf6 6. Nh3 Bd6 7. O-O O-O 8. Bf4 h6
9. Bxd6 Qxd6 10. c5 Qe7 11. f4 Bd7 12. b4 Be8 13. a4 Bh5 14. Rb1 Ne4 15. Nxe4
fxe4 16. Qd2 a6 17. b5 axb5 18. axb5 Be8 19. b6 Nd7 20. Ra1 Bh5 21. Rfc1 Rfd8
22. Rcb1 Nf8 23. Bf1 Qf6 24. Ra7 Rab8 25. e3 Ng6 26. Be2 Bxe2 27. Qxe2 Qe7 28.
Nf2 Qf7 29. Ng4 Rf8 30. Rba1 Qe7 31. h4 Rfe8 32. h5 Nh8 33. Ne5 Qd8 34. Qg4 Nf7
35. Ng6 Nh8 36. Nh4 Qf6 37. R1a2 Nf7 38. Rf2 Red8 39. Kf1 Kh7 40. Rg2 Re8 41.
Kf2 Red8 42. Ra1 Re8 43. Qh3 Qe7 44. g4 Nh8 45. g5 Rf8 46. Ng6 Nxg6 47. hxg6+
Kg8 48. gxh6 gxh6 49. Qxh6 Qg7 50. Rh1 1-0

[Event "Xtracon Chess Open 2016"]
[Site "Elsinore"]
[Date "2016.07.26"]
[Round "5.53"]
[White "Haugli, Petter"]
[Black "Nielsen, Jorgen Lovgren"]
[Result "1-0"]
[WhiteElo "2257"]
[BlackElo "2085"]
[PlyCount "83"]
[EventDate "2016.07.23"]

1. d4 f5 2. c4 Nf6 3. Nf3 g6 4. g3 Bg7 5. Bg2 d6 6. O-O O-O 7. Nc3 c6 8. b4 Qc7
9. Qb3 Kh8 10. c5 Nh5 11. cxd6 exd6 12. d5 Nd7 13. Bb2 Nb6 14. Rac1 Qe7 15. b5
Nxd5 16. Nxd5 cxd5 17. Bxg7+ Nxg7 18. Qxd5 Be6 19. Qd2 Rac8 20. Nd4 Bf7 21. e3
Rc5 22. a4 Rfc8 23. Rfd1 Qc7 24. Rxc5 dxc5 25. Ne2 Bb3 26. Ra1 Rd8 27. Qb2 Bf7
28. a5 b6 29. axb6 axb6 30. h4 h6 31. Ra6 Kh7 32. Qa1 Rd7 33. Bc6 Re7 34. Nf4
g5 35. hxg5 hxg5 36. Nh3 g4 37. Nf4 Be6 38. Qf6 Bf7 39. Qh4+ Kg8 40. Nd5 Bxd5
41. Bxd5+ Ne6 42. Qf6 1-0

[Event "Xtracon Chess Open 2016"]
[Site "Elsinore"]
[Date "2016.07.26"]
[Round "5.54"]
[White "Thorsbro, Peter"]
[Black "Salerno, Christian"]
[Result "1-0"]
[WhiteElo "2239"]
[BlackElo "2052"]
[PlyCount "41"]
[EventDate "2016.07.23"]

1. d4 Nf6 2. c4 c5 3. d5 b5 4. cxb5 a6 5. Nc3 g6 6. e4 d6 7. Nf3 Bg7 8. Bg5
Nbd7 9. a4 O-O 10. Be2 axb5 11. axb5 Rxa1 12. Qxa1 Nb6 13. Nd2 h6 14. Bh4 Bb7
15. O-O Qa8 16. Nb3 Qxa1 17. Rxa1 Ra8 18. Rxa8+ Bxa8 19. Na5 e6 20. Nc4 exd5
21. Nxb6 1-0

[Event "Xtracon Chess Open 2016"]
[Site "Elsinore"]
[Date "2016.07.26"]
[Round "5.55"]
[White "Dahl, Trygve"]
[Black "Thaler, Toni"]
[Result "0-1"]
[WhiteElo "2233"]
[BlackElo "2037"]
[PlyCount "84"]
[EventDate "2016.07.23"]

1. d4 Nf6 2. Bg5 e6 3. e4 h6 4. Bxf6 Qxf6 5. c3 c5 6. Nf3 cxd4 7. cxd4 Bb4+ 8.
Nc3 d5 9. e5 Qe7 10. Bd3 Bd7 11. O-O a6 12. Rc1 Bxc3 13. Rxc3 Nc6 14. Bb1 O-O-O
15. a3 Kb8 16. b4 Na7 17. Bd3 Bb5 18. a4 Bxd3 19. Qxd3 Qxb4 20. Nd2 Rc8 21. Ra3
Nc6 22. Rb1 Qxd4 23. Qxa6 Qa7 24. Qe2 Nd4 25. Qd3 Rc2 26. Rb4 Rc1+ 27. Nf1 Nc2
28. Rg4 Nxa3 29. Qxa3 Rhc8 30. Rxg7 Qa6 31. Qd6+ Qxd6 32. exd6 Rf8 33. f3 Kc8
34. Rh7 Kd7 35. Rxh6 Kxd6 36. Kf2 Rc2+ 37. Ke3 Rxg2 38. Rh4 Rc8 39. Kd3 Rgc2
40. Nd2 R8c3+ 41. Ke2 Rb2 42. Kd1 Rd3 0-1

[Event "Xtracon Chess Open 2016"]
[Site "Elsinore"]
[Date "2016.07.26"]
[Round "5.56"]
[White "Ranaldi, Lucas"]
[Black "Rosell, Sven"]
[Result "1-0"]
[WhiteElo "2228"]
[BlackElo "1996"]
[PlyCount "145"]
[EventDate "2016.07.23"]

1. d4 Nf6 2. c4 g6 3. Nc3 Bg7 4. Nf3 O-O 5. Bg5 h6 6. Bh4 d6 7. e3 g5 8. Bg3
Nh5 9. Nd2 Nxg3 10. hxg3 Bf5 11. Nf3 e5 12. dxe5 dxe5 13. Qb3 Qc8 14. O-O-O c6
15. Bd3 Bxd3 16. Rxd3 Na6 17. Rdd1 Nc5 18. Qc2 Qg4 19. Nd2 Qe6 20. Nce4 Na6 21.
Nxg5 Qg6 22. Qxg6 fxg6 23. Nge4 Nb4 24. Kb1 g5 25. g4 Rad8 26. a3 Na6 27. Nf3
Rfe8 28. b4 b6 29. Kc2 Nc7 30. Rxd8 Rxd8 31. Rd1 Rxd1 32. Kxd1 Ne8 33. Nfd2 Kf7
34. Nf1 Ke6 35. Kc2 Bf8 36. Kb3 Nc7 37. Nc3 Ne8 38. Ng3 Nf6 39. f3 Ng8 40. Nge4
Ne7 41. g3 Nc8 42. a4 a6 43. b5 axb5 44. cxb5 cxb5 45. axb5 Be7 46. Nd2 Bc5 47.
Nc4 Be7 48. Kc2 Bd8 49. Kd3 Na7 50. Ke4 Bc7 51. f4 exf4 52. gxf4 gxf4 53. exf4
Bd8 54. Ne3 Bf6 55. Ned5 Bd8 56. Kd4 Nc8 57. Ne4 Na7 58. f5+ Kd7 59. Ndc3 Nc8
60. Ke5 Ke7 61. Nd5+ Kf8 62. Ke6 Bh4 63. Nd6 Na7 64. Nxb6 Nxb5 65. Nxb5 Kg7 66.
Nd5 Bg5 67. f6+ Bxf6 68. Nxf6 Kg6 69. Nd4 Kg5 70. Nf3+ Kg6 71. Nh5 Kh7 72. Kf6
Kh8 73. Kg6 1-0

[Event "Xtracon Chess Open 2016"]
[Site "Elsinore"]
[Date "2016.07.26"]
[Round "5.57"]
[White "Jensen, Thore Nyboe"]
[Black "Muhsen, Abdulla.mohmmed"]
[Result "1-0"]
[WhiteElo "2081"]
[BlackElo "2227"]
[PlyCount "39"]
[EventDate "2016.07.23"]

1. e4 c6 2. d4 d5 3. Nc3 dxe4 4. Nxe4 Nf6 5. Nxf6+ gxf6 6. Nf3 Bg4 7. Be2 Nd7
8. O-O e6 9. c4 Bd6 10. d5 Nf8 11. dxc6 bxc6 12. c5 Bxc5 13. Qa4 Bxf3 14. Bxf3
Rc8 15. Bxc6+ Ke7 16. Be3 Bxe3 17. fxe3 a5 18. Rad1 Qb6 19. Qf4 f5 20. Qg5+ 1-0

[Event "Xtracon Chess Open 2016"]
[Site "Elsinore"]
[Date "2016.07.26"]
[Round "5.58"]
[White "Kaasen, Tor Fredrik"]
[Black "Henrichsen, Jens"]
[Result "0-1"]
[WhiteElo "2219"]
[BlackElo "1984"]
[PlyCount "104"]
[EventDate "2016.07.23"]

1. e4 e5 2. Nf3 Nc6 3. d4 exd4 4. Nxd4 Bc5 5. Be3 Qf6 6. c3 Nge7 7. g3 O-O 8.
Bg2 d6 9. O-O Bb6 10. Na3 a6 11. Nxc6 Nxc6 12. Bxb6 cxb6 13. Nc4 b5 14. Nb6 Rb8
15. Nd5 Qd8 16. Qe2 Be6 17. Rfd1 Re8 18. Rd2 Ne5 19. Rad1 f6 20. b3 Bg4 21. f3
Be6 22. Kh1 Nf7 23. f4 Qc8 24. Qe3 Qc5 25. Qf3 Rbc8 26. Rc1 a5 27. Bf1 b4 28.
c4 f5 29. exf5 Bxf5 30. Bd3 Nh6 31. Bxf5 Nxf5 32. Qg4 Rf8 33. Re1 Kh8 34. Qh5
a4 35. g4 Nd4 36. g5 axb3 37. g6 h6 38. Re7 Nf5 39. Rf7 bxa2 40. Rxa2 Qxc4 41.
Ne3 Qe4+ 42. Rg2 Qxe3 43. Qd1 Rfe8 44. Rd2 Qe1+ 45. Qxe1 Rxe1+ 46. Kg2 Nh4+ 47.
Kh3 Nxg6 48. Rxd6 Rc3+ 49. Kg4 Rg1+ 50. Kf5 Nxf4 51. Rd8+ Kh7 52. Rff8 Ng6 0-1

[Event "Xtracon Chess Open 2016"]
[Site "Elsinore"]
[Date "2016.07.26"]
[Round "5.59"]
[White "Pallesen, Jacob"]
[Black "Rolvag, Mikael"]
[Result "1-0"]
[WhiteElo "2026"]
[BlackElo "2214"]
[PlyCount "87"]
[EventDate "2016.07.23"]

1. d4 Nf6 2. Nf3 e6 3. c4 b6 4. Nc3 Bb7 5. Bg5 Be7 6. e3 h6 7. Bh4 O-O 8. h3
Ne4 9. Bxe7 Qxe7 10. Nxe4 Bxe4 11. Nd2 Bb7 12. Qh5 c5 13. dxc5 bxc5 14. Bd3 Nc6
15. O-O Rab8 16. Rac1 d6 17. f4 f5 18. g4 Rf7 19. Kf2 Qf6 20. g5 hxg5 21. fxg5
g6 22. gxf6 gxh5 23. Rg1+ Kh7 24. Rg5 Ne5 25. Be2 Rxf6 26. Rcg1 Rg6 27. Rxg6
Nxg6 28. Bxh5 Ne5 29. b3 Bc6 30. Bf3 Bd7 31. Be2 a5 32. Nf3 Nf7 33. Ng5+ Nxg5
34. Rxg5 a4 35. Bd1 axb3 36. axb3 Ra8 37. Rg1 Ra2+ 38. Kg3 Rb2 39. Rg2 Rb1 40.
Rd2 Bc6 41. Rxd6 Be4 42. Kf4 Rc1 43. h4 Rc3 44. Rxe6 1-0

[Event "Xtracon Chess Open 2016"]
[Site "Elsinore"]
[Date "2016.07.26"]
[Round "5.60"]
[White "Slettebo, Jan"]
[Black "Hoyer, Jacob K"]
[Result "0-1"]
[WhiteElo "2022"]
[BlackElo "2212"]
[PlyCount "54"]
[EventDate "2016.07.23"]

1. e4 c5 2. Nf3 d6 3. d4 cxd4 4. Nxd4 Nf6 5. Nc3 g6 6. Be3 Bg7 7. f3 Nc6 8. Qd2
O-O 9. Bc4 Bd7 10. O-O-O Rc8 11. Bb3 Ne5 12. Kb1 Nc4 13. Bxc4 Rxc4 14. g4 b5
15. Nde2 b4 16. Nd5 Nxd5 17. exd5 Qc7 18. Bd4 Rc8 19. Rc1 a5 20. Bxg7 Kxg7 21.
h4 f6 22. h5 Be8 23. Nf4 Rxf4 24. Qxf4 Qc4 25. Qxc4 Rxc4 26. h6+ Kf8 27. Rhe1
Bf7 0-1

[Event "Xtracon Chess Open 2016"]
[Site "Elsinore"]
[Date "2016.07.26"]
[Round "5.62"]
[White "Svedberg, Hans"]
[Black "Rossen, Claus"]
[Result "1/2-1/2"]
[WhiteElo "1985"]
[BlackElo "2199"]
[PlyCount "67"]
[EventDate "2016.07.23"]

1. e4 c5 2. Nf3 Nc6 3. Bb5 Nf6 4. e5 Nd5 5. O-O e6 6. Re1 Qc7 7. c3 a6 8. Bf1
b6 9. d4 cxd4 10. cxd4 Bb7 11. Nc3 Nxc3 12. bxc3 Na5 13. Re3 Nc4 14. Bxc4 Qxc4
15. Nd2 Qd5 16. Ne4 Be7 17. Qf1 f5 18. Nd2 g5 19. Rd3 b5 20. a4 g4 21. Rb1 Rc8
22. f4 Rxc3 23. Rxc3 Qxd4+ 24. Kh1 Qxc3 25. axb5 a5 26. Nc4 Be4 27. Bb2 Qb4 28.
Rc1 Kf8 29. Ba3 Qxb5 30. Bxe7+ Kxe7 31. Qe1 Rc8 32. Qh4+ Kf8 33. Qf6+ Kg8 34.
Qg5+ 1/2-1/2

[Event "Xtracon Chess Open 2016"]
[Site "Elsinore"]
[Date "2016.07.26"]
[Round "5.63"]
[White "Kakulidis, Ellen"]
[Black "Hartung Nielsen, Jens"]
[Result "0-1"]
[WhiteElo "1989"]
[BlackElo "2194"]
[PlyCount "62"]
[EventDate "2016.07.23"]

1. d4 Nf6 2. c4 e6 3. Nf3 c5 4. d5 exd5 5. cxd5 d6 6. Nc3 g6 7. Bf4 Bg7 8. Qa4+
Bd7 9. Qb3 Qc7 10. h3 O-O 11. e3 Na6 12. a3 Rfb8 13. Bb5 Bxb5 14. Qxb5 Qe7 15.
Qd3 Nc7 16. a4 a6 17. O-O Qd7 18. e4 b5 19. axb5 axb5 20. Rxa8 Rxa8 21. b3 Ra3
22. Rb1 b4 23. Na4 Qxa4 24. Bxd6 Qa6 25. Qxa6 Nxa6 26. Nd2 Ra2 27. Bf4 Nd7 28.
Nc4 Bd4 29. Bg3 f6 30. Kf1 Ne5 31. Nxe5 fxe5 0-1

[Event "Xtracon Chess Open 2016"]
[Site "Elsinore"]
[Date "2016.07.26"]
[Round "5.64"]
[White "Wilbrandt, Simon Pil"]
[Black "Aubert, Carsten"]
[Result "1/2-1/2"]
[WhiteElo "2190"]
[BlackElo "1977"]
[PlyCount "107"]
[EventDate "2016.07.23"]

1. d4 Nf6 2. c4 e6 3. Nc3 Bb4 4. f3 O-O 5. e4 d5 6. e5 Nfd7 7. cxd5 exd5 8. f4
c5 9. a3 Ba5 10. Nf3 cxd4 11. Qxd4 Nc6 12. Qxd5 Bxc3+ 13. bxc3 Ndxe5 14. Qxd8
Nxf3+ 15. Kf2 Rxd8 16. Kxf3 Rd1 17. Bb2 Rd2 18. Bc1 Rc2 19. Be3 Rxc3 20. Be2
Nd4+ 21. Kf2 Rxe3 22. Kxe3 Nc2+ 23. Kd2 Nxa1 24. Rxa1 Be6 25. Bf3 Rd8+ 26. Ke3
b6 27. g4 g6 28. Rc1 Rc8 29. Rxc8+ Bxc8 30. Kd4 Kf8 31. Ke5 Ke7 32. g5 Be6 33.
Be2 Bh3 34. Ba6 Bd7 35. h4 Bg4 36. Bd3 Bc8 37. Bc4 Bd7 38. Ba6 Bc6 39. Be2 b5
40. h5 a5 41. h6 b4 42. axb4 axb4 43. f5 b3 44. Bd3 Be8 45. Bb1 b2 46. Kd5 Ba4
47. Kc4 Kd6 48. fxg6 fxg6 49. Kc3 Ke6 50. Kxb2 Be8 51. Ba2+ Kf5 52. Bg8 Kxg5
53. Bxh7 Kxh6 54. Bxg6 1/2-1/2

[Event "Xtracon Chess Open 2016"]
[Site "Elsinore"]
[Date "2016.07.26"]
[Round "5.66"]
[White "Strachan, Christian C"]
[Black "Eriksson, Christian Altenburg"]
[Result "0-1"]
[WhiteElo "1964"]
[BlackElo "2176"]
[PlyCount "98"]
[EventDate "2016.07.23"]

1. e4 c5 2. c3 Nf6 3. e5 Nd5 4. Nf3 Nc6 5. Bc4 Nb6 6. Bb3 d5 7. exd6 c4 8. Bc2
Qxd6 9. O-O Bg4 10. Re1 Qf6 11. d4 cxd3 12. Qxd3 Bxf3 13. Qxf3 Qxf3 14. gxf3 e6
15. Be3 O-O-O 16. Nd2 Nd5 17. Rad1 Be7 18. Kg2 Rd7 19. Nb3 a6 20. f4 g6 21. Kf3
Rhd8 22. a3 Bf6 23. Nc5 Rc7 24. Ne4 Be7 25. Ng5 Bxg5 26. fxg5 Ne5+ 27. Ke2 Nxe3
28. Rxd8+ Kxd8 29. fxe3 Nc4 30. Rb1 Rc5 31. h4 Rb5 32. Rd1+ Ke7 33. b4 Nxa3 34.
Bd3 Rb6 35. Ra1 Nb5 36. c4 Nc7 37. Rb1 Rd6 38. Be4 b5 39. c5 Rd8 40. Rb2 Nd5
41. Rb3 f5 42. Bf3 Kd7 43. Kf2 Kc7 44. Ke2 Rd7 45. Kf2 Kc6 46. Ra3 Ra7 47. Ra5
Kc7 48. Be2 Kb7 49. c6+ Kb6 0-1

[Event "Xtracon Chess Open 2016"]
[Site "Elsinore"]
[Date "2016.07.26"]
[Round "5.67"]
[White "Christiansen, Jens Jorgen"]
[Black "Oe, Oluf"]
[Result "1-0"]
[WhiteElo "2170"]
[BlackElo "1971"]
[PlyCount "73"]
[EventDate "2016.07.23"]

1. d4 d5 2. c4 c6 3. Nf3 Nf6 4. e3 e6 5. b3 Nbd7 6. Bb2 Bb4+ 7. Nbd2 O-O 8. Bd3
Ne4 9. O-O Nxd2 10. Nxd2 Nf6 11. a3 Bd6 12. c5 Bc7 13. f4 Ne8 14. g4 f5 15. g5
g6 16. Kg2 Ng7 17. h4 Bd7 18. Rh1 b5 19. Nf1 a5 20. Ng3 Kf7 21. h5 Rg8 22. Qe2
Qf8 23. Raf1 Ke7 24. hxg6 hxg6 25. Rh6 Qf7 26. Rfh1 Raf8 27. Bc3 Rb8 28. Bd2
Ra8 29. Rh7 Kf8 30. R1h6 Bd8 31. Nf1 Qe8 32. Qf2 a4 33. b4 Rc8 34. Be2 Rc7 35.
Qh4 Bc8 36. Rh8 Nh5 37. Rxg8+ 1-0

[Event "Xtracon Chess Open 2016"]
[Site "Elsinore"]
[Date "2016.07.26"]
[Round "5.68"]
[White "Skjoldager, Per"]
[Black "Voll, Oddvar U"]
[Result "1-0"]
[WhiteElo "2160"]
[BlackElo "1967"]
[PlyCount "63"]
[EventDate "2016.07.23"]

1. e4 d5 2. exd5 Nf6 3. d4 Bg4 4. Nf3 Qxd5 5. Be2 Nc6 6. c3 O-O-O 7. Nbd2 e6 8.
O-O Bd6 9. Re1 h5 10. b4 Qf5 11. b5 Ne7 12. Qa4 Kb8 13. c4 b6 14. Qb3 h4 15. a4
Ng6 16. a5 Nf4 17. axb6 cxb6 18. c5 bxc5 19. b6 Nxe2+ 20. Rxe2 Qd5 21. bxa7+
Ka8 22. Nc4 Bc7 23. Bf4 Qb7 24. Qxb7+ Kxb7 25. Rb2+ Kc6 26. Bxc7 Kxc7 27. Nb6
Bxf3 28. gxf3 Ra8 29. Nxa8+ Rxa8 30. dxc5 Nd7 31. Kg2 Nxc5 32. Rc2 1-0

[Event "Xtracon Chess Open 2016"]
[Site "Elsinore"]
[Date "2016.07.26"]
[Round "5.69"]
[White "Grove, Peter"]
[Black "Molvig, Julius"]
[Result "1-0"]
[WhiteElo "2155"]
[BlackElo "1964"]
[PlyCount "123"]
[EventDate "2016.07.23"]

1. e4 c5 2. Nf3 e6 3. d4 cxd4 4. Nxd4 a6 5. Bd3 Nf6 6. O-O Qc7 7. Qe2 d6 8. c4
Be7 9. Nc3 O-O 10. Be3 Nbd7 11. f4 b6 12. b4 Bb7 13. Rac1 Rac8 14. Rfd1 Qb8 15.
f5 e5 16. Nb3 d5 17. Nxd5 Nxd5 18. cxd5 Bxb4 19. Bxa6 Nc5 20. Bxb7 Qxb7 21. Qb5
Ba3 22. Nxc5 Qa7 23. Rc4 Bxc5 24. Bxc5 Rxc5 25. Rxc5 bxc5 26. Qc4 Qa3 27. Qb3
Qa5 28. d6 h6 29. Qd5 Qa3 30. h3 Qe3+ 31. Kh1 Qc3 32. d7 Rd8 33. a4 Qb4 34. Qc6
Kh7 35. f6 g5 36. Qd5 Kg8 37. Qxe5 Qxa4 38. Rd5 Qb5 39. Qf5 Qe2 40. Qe5 Qf1+
41. Kh2 Qf4+ 42. Qxf4 gxf4 43. Rxc5 Rxd7 44. Rf5 Kh7 45. Rxf4 Kg6 46. Kg3 Rd6
47. Rf3 Re6 48. Rf4 Rxf6 49. Rxf6+ Kxf6 50. Kf4 Kg6 51. e5 Kh7 52. Kf5 Kg7 53.
g4 Kh7 54. Kf6 Kg8 55. h4 Kf8 56. g5 hxg5 57. Kxg5 Kg7 58. Kf5 Kf8 59. Kf6 Kg8
60. h5 Kf8 61. h6 Kg8 62. h7+ 1-0

[Event "Xtracon Chess Open 2016"]
[Site "Elsinore"]
[Date "2016.07.26"]
[Round "5.70"]
[White "Burrows, Martin P"]
[Black "Kizatbay, Abyl"]
[Result "1-0"]
[WhiteElo "2149"]
[BlackElo "1961"]
[PlyCount "107"]
[EventDate "2016.07.23"]

1. c4 Nf6 2. Nc3 e5 3. Nf3 Nc6 4. d4 exd4 5. Nxd4 Nxd4 6. Qxd4 d6 7. g3 Be7 8.
Bg2 O-O 9. O-O a6 10. b3 Rb8 11. Bb2 b5 12. cxb5 axb5 13. Nd5 Bb7 14. Nxe7+
Qxe7 15. Qh4 Bxg2 16. Bxf6 Qxf6 17. Qxf6 gxf6 18. Kxg2 b4 19. a3 bxa3 20. Rxa3
Rb7 21. Rc1 Rfb8 22. Ra6 Kg7 23. Rac6 Rxb3 24. Rxc7 R3b7 25. Rxb7 Rxb7 26. Rd1
Re7 27. Kf3 Rd7 28. Rd5 Rd8 29. e4 Kg6 30. Ke3 Kg7 31. f4 Ra8 32. Rxd6 Ra3+ 33.
Rd3 Ra2 34. Rd2 Ra3+ 35. Kf2 Rb3 36. Re2 Kg6 37. Kg2 Ra3 38. Kh3 Ra4 39. Kg4
Ra5 40. f5+ Kg7 41. Kf4 Ra1 42. Kg4 Ra4 43. Kh5 Ra5 44. h4 Ra3 45. g4 h6 46. e5
fxe5 47. Rxe5 Rh3 48. Ra5 Rh1 49. Ra6 Rg1 50. f6+ Kh7 51. Ra7 Rf1 52. Rxf7+ Kg8
53. Rg7+ Kh8 54. Rg6 1-0

[Event "Xtracon Chess Open 2016"]
[Site "Elsinore"]
[Date "2016.07.26"]
[Round "5.71"]
[White "Kizatbay, Alseit"]
[Black "Leutwyler, Martin"]
[Result "0-1"]
[WhiteElo "1945"]
[BlackElo "2145"]
[PlyCount "88"]
[EventDate "2016.07.23"]

1. d4 Nf6 2. c4 e6 3. Nf3 Bb4+ 4. Bd2 a5 5. Nc3 d5 6. e3 O-O 7. Rc1 Nbd7 8. Bd3
b6 9. cxd5 exd5 10. Qb3 Bb7 11. Ne2 Bd6 12. O-O c5 13. Bb5 c4 14. Qa4 Qe7 15.
Ng3 g6 16. b3 cxb3 17. axb3 Ba6 18. Rc6 Bxb5 19. Qxb5 Rfc8 20. Rfc1 Qf8 21.
R1c2 Kg7 22. Nh4 Kg8 23. Nf3 Qe8 24. Ne2 Kg7 25. Rxc8 Rxc8 26. Rxc8 Qxc8 27.
Nc3 Qb7 28. Na4 Qc7 29. Nc3 Qb7 30. Na4 Qa8 31. Ne5 Nxe5 32. dxe5 Bxe5 33. Qxb6
Qc8 34. Nc5 Qf5 35. g3 Qf3 36. Qxa5 Ng4 37. Be1 d4 38. Qd2 dxe3 39. fxe3 Bf6
40. Nd3 Nxe3 41. Qf2 Qe4 42. Nf4 Ng4 43. Qd2 Bd4+ 44. Kf1 Ne3+ 0-1

[Event "Xtracon Chess Open 2016"]
[Site "Elsinore"]
[Date "2016.07.26"]
[Round "5.72"]
[White "Moe, Mogens"]
[Black "Bennett, Rhys"]
[Result "1-0"]
[WhiteElo "2138"]
[BlackElo "1711"]
[PlyCount "49"]
[EventDate "2016.07.23"]

1. e4 e5 2. Nf3 Nc6 3. d4 exd4 4. Nxd4 Nf6 5. Nxc6 bxc6 6. e5 Qe7 7. Qe2 Nd5 8.
c4 Ba6 9. g3 O-O-O 10. b3 Re8 11. Bb2 f6 12. Bh3 fxe5 13. O-O Kb8 14. Re1 Qf7
15. Nd2 Nf6 16. Rad1 d6 17. Bg2 Bb7 18. b4 g5 19. Nb3 d5 20. cxd5 Bxb4 21. dxc6
Bxe1 22. Rxe1 Bc8 23. Nc5 Nd5 24. Bxd5 Qxd5 25. Na6+ 1-0

[Event "Xtracon Chess Open 2016"]
[Site "Elsinore"]
[Date "2016.07.26"]
[Round "5.73"]
[White "Molvig, Henrik"]
[Black "Yilmaz, Kazim"]
[Result "1-0"]
[WhiteElo "2110"]
[BlackElo "1542"]
[PlyCount "127"]
[EventDate "2016.07.23"]

1. d4 d5 2. c4 e6 3. Nc3 Nf6 4. Bg5 Bb4 5. Qa4+ Nc6 6. a3 Bxc3+ 7. bxc3 Bd7 8.
cxd5 exd5 9. Qc2 Qe7 10. Bxf6 Qxf6 11. e3 O-O 12. Nf3 Rab8 13. Bd3 h6 14. O-O
Bg4 15. Nd2 Qg5 16. Kh1 Ne7 17. e4 Ng6 18. g3 Qh5 19. f3 Bh3 20. Rf2 Qg5 21. f4
Qg4 22. e5 Ne7 23. f5 Qh5 24. Rf4 g5 25. fxg6 fxg6 26. Rh4 Qg5 27. Rxh3 Rf3 28.
Ne4 dxe4 29. Bc4+ Rf7 30. Qxe4 Kg7 31. Bxf7 Kxf7 32. Rf1+ Kg7 33. Rh4 Rf8 34.
Rhf4 Rxf4 35. Qxf4 Qxf4 36. Rxf4 Nd5 37. Rf3 b5 38. Kg2 a5 39. Kf2 c6 40. Ke2
Kg8 41. Kd3 Kg7 42. c4 Ne7 43. cxb5 cxb5 44. Ke4 b4 45. axb4 axb4 46. d5 Nf5
47. Rb3 h5 48. Rxb4 h4 49. g4 Ne7 50. Rb7 Kf8 51. e6 g5 52. Rxe7 Kxe7 53. Kf5
Kd6 54. Kxg5 Kxd5 55. e7 Kd6 56. e8=Q Kc7 57. Qe6 Kb7 58. Kf5 Kc7 59. g5 Kb7
60. g6 Kc7 61. g7 Kb7 62. g8=Q h3 63. Qgf7+ Ka8 64. Qee8# 1-0

[Event "Xtracon Chess Open 2016"]
[Site "Elsinore"]
[Date "2016.07.26"]
[Round "5.74"]
[White "Shehzad, Kasher"]
[Black "Risting, Eivind Olav"]
[Result "0-1"]
[WhiteElo "1656"]
[BlackElo "2376"]
[PlyCount "80"]
[EventDate "2016.07.23"]

1. e4 b6 2. d4 Bb7 3. Bd3 e6 4. Ne2 Nf6 5. Bg5 h6 6. Bxf6 Qxf6 7. Nbc3 Bb4 8.
Qd2 O-O 9. e5 Qd8 10. a3 Bxc3 11. Nxc3 d6 12. f4 dxe5 13. fxe5 Qh4+ 14. g3 Qh5
15. Be2 Qg5 16. Qxg5 hxg5 17. O-O a6 18. Bf3 Bxf3 19. Rxf3 Nc6 20. Ne2 Ne7 21.
g4 Rad8 22. c3 c5 23. Rd1 Rd7 24. Rfd3 Rfd8 25. Kf2 f6 26. exf6 gxf6 27. Ng3
Kf7 28. Ne4 Kg6 29. h3 f5 30. Ng3 f4 31. Ne4 e5 32. Kf3 exd4 33. cxd4 Nc6 34.
Kf2 Nxd4 35. b4 c4 36. Rc3 Re7 37. Rxc4 Rxe4 38. Rd3 Kf6 39. Rdxd4 Rexd4 40.
Rc6+ R8d6 0-1

[Event "Xtracon Chess Open 2016"]
[Site "Elsinore"]
[Date "2016.07.26"]
[Round "5.75"]
[White "Westerlund, Ola"]
[Black "Flick, Antoine"]
[Result "0-1"]
[WhiteElo "1930"]
[BlackElo "2318"]
[PlyCount "78"]
[EventDate "2016.07.23"]

1. d4 d5 2. c4 c6 3. Nf3 Nf6 4. Nbd2 Bf5 5. Nh4 Be6 6. e3 g6 7. Bd3 Bg7 8. O-O
O-O 9. b3 c5 10. Bb2 cxd4 11. Bxd4 Nc6 12. Bc3 Qc7 13. Rc1 Rfd8 14. cxd5 Bxd5
15. Qe2 Rac8 16. Nhf3 a6 17. Ba1 Qa5 18. Nc4 Bxc4 19. Rxc4 b5 20. Rcc1 Nd5 21.
Bxg7 Kxg7 22. Qb2+ Nf6 23. Bb1 Qb6 24. b4 Kg8 25. a3 Qb8 26. h3 Qd6 27. Qb3 Ne5
28. Nxe5 Qxe5 29. Ba2 e6 30. Rfd1 Rxd1+ 31. Qxd1 Rxc1 32. Qxc1 Kg7 33. f3 h5
34. Kf2 g5 35. g3 g4 36. hxg4 hxg4 37. f4 Qh5 38. Qg1 Ne4+ 39. Kg2 Qh3# 0-1

[Event "Xtracon Chess Open 2016"]
[Site "Elsinore"]
[Date "2016.07.26"]
[Round "5.77"]
[White "Svane, Freja"]
[Black "Sorensen, Bernhard W"]
[Result "0-1"]
[WhiteElo "1302"]
[BlackElo "1655"]
[PlyCount "74"]
[EventDate "2016.07.23"]

1. d4 e6 2. c4 f5 3. Nc3 Nf6 4. Bg5 Be7 5. Nf3 d5 6. Qa4+ c6 7. e3 O-O 8. Be2
Nbd7 9. O-O Ne4 10. Bxe7 Qxe7 11. Qc2 Ndf6 12. Ne5 Bd7 13. c5 Be8 14. Rfc1 Bh5
15. Bxh5 Nxh5 16. Qe2 Nhf6 17. Nd3 Nd7 18. Nf4 Rf6 19. Qf3 Rh6 20. a4 Rf8 21.
Rc2 e5 22. Nfe2 Rff6 23. Ng3 Qf7 24. dxe5 Nxe5 25. Qf4 Ng6 26. Qb8+ Nf8 27.
Ncxe4 fxe4 28. Qxa7 Qc7 29. Qb6 Qd7 30. a5 Ne6 31. a6 bxa6 32. Rxa6 Ng5 33. Ra7
Qg4 34. Qd8+ Rf8 35. Qd7 Qd1+ 36. Nf1 Rg6 37. g3 Qxc2 0-1

[Event "Xtracon Chess Open 2016"]
[Site "Elsinore"]
[Date "2016.07.26"]
[Round "5.79"]
[White "Ivarsson, Torbjorn"]
[Black "Saltvedt, Martin"]
[Result "1-0"]
[WhiteElo "2180"]
[BlackElo "1935"]
[PlyCount "53"]
[EventDate "2016.07.23"]

1. e4 c5 2. Nc3 Nc6 3. g3 g6 4. Bg2 Bg7 5. d3 e6 6. f4 Nge7 7. Nf3 O-O 8. O-O
d6 9. Ne2 b5 10. a4 b4 11. c3 Rb8 12. Be3 Ba6 13. Re1 Qb6 14. Qd2 Rfd8 15. c4
Na5 16. Rad1 Bb7 17. Qc2 b3 18. Qd2 Nec6 19. f5 Nb4 20. Bh6 d5 21. Bxg7 Kxg7
22. f6+ Kxf6 23. Qh6 dxe4 24. Ne5 Ke7 25. Rf1 Rf8 26. Qg7 Qd6 27. dxe4 1-0